Online
Catalog

La religión de la antigua Antioquia : (Record no. 11101)

MARC details
000 -CABECERA
campo de control de longitud fija 00761cam a2200205 a 4500
001 - NÚMERO DE CONTROL
campo de control 000011394
005 - FECHA Y HORA DE LA ÚLTIMA TRANSACCIÓN
campo de control 20200929162435.0
008 - DATOS DE LONGITUD FIJA--INFORMACIÓN GENERAL
campo de control de longitud fija 741108s1972 ck b 000 0 spa
040 ## - FUENTE DE LA CATALOGACIÓN
Centro catalogador/agencia de origen DO-SdBNP
Lengua de catalogación spa
Centro/agencia transcriptor BNPHU
082 ## - NÚMERO DE LA CLASIFICACIÓN DECIMAL DEWEY
Número de clasificación 230.007
Número de documento/Ítem R436r
100 1# - ENTRADA PRINCIPAL--NOMBRE DE PERSONA
Nombre de persona Restrepo, Huberto,
Fechas asociadas al nombre 1922-
9 (RLIN) 27012
245 13 - MENCIÓN DE TÍTULO
Título La religión de la antigua Antioquia :
Resto del título (estudio teológico-pastoral sobre Tomás Carrasquilla).
260 ## - PUBLICACIÓN, DISTRIBUCIÓN, ETC.
Lugar de publicación, distribución, etc. [Medellin, Colombia] :
Nombre del editor, distribuidor, etc. Editorial Bedout,
Fecha de publicación, distribución, etc. [1972].
300 ## - DESCRIPCIÓN FÍSICA
Extensión 274 p. ;
Dimensiones 19 cm.
490 1# - MENCIÓN DE SERIE
Mención de serie Bolsilibros Bedout
Designación de volumen o secuencia 116
504 ## - NOTA DE BIBLIOGRAFÍA, ETC.
Nota de bibliografía, etc. Incluye referencias bibliográficas : p. 267-271.
651 #4 - PUNTO DE ACCESO ADICIONAL DE MATERIA--NOMBRE GEOGRÁFICO
Nombre geográfico Antioquia (Colombia{Rpara}
Subdivisión general Religión
9 (RLIN) 27013
600 14 - PUNTO DE ACCESO ADICIONAL DE MATERIA--NOMBRE DE PERSONA
Nombre de persona CARRASQUILLA, TOMÁS,
Fechas asociadas al nombre 1858-1940.
9 (RLIN) 23724
830 #0 - PUNTO DE ACCESO ADICIONAL DE SERIE-TÍTULO UNIFORME
Título uniforme Bolsilibros Bedout ;
Designación de volumen o secuencia 116
9 (RLIN) 3750
Holdings
Estado de retiro Estado de pérdida Restricciones de uso No para préstamo Código de colección Localización permanente Ubicación/localización actual Ubicación en estantería Fecha de adquisición Número de inventario Total de préstamos Signatura topográfica completa Código de barras Fecha visto por última vez Precio válido a partir de Tipo de ítem Koha
        Monografías: Libros y Folletos General General En catalogación 16.10.2009 LF1   230.007 R436r 11394-10 25.06.2020 25.06.2020 Préstamo en sala

Powered by Koha